[Event "BL 1819 SV Hockenheim - SF Berlin"]
[Site "Viernheim, Germany"]
[Date "2019.03.10"]
[Round "12.5"]
[White "Seyb, Alexander"]
[Black "Braun, Arik"]
[Result "1/2-1/2"]
[WhiteElo "2426"]
[BlackElo "2601"]
[PlyCount "83"]
[EventDate "2019.??.??"]

1. e4 g6 2. d4 Bg7 3. Nc3 d6 4. f4 Nf6 5. Nf3 O-O 6. Bd3 Na6 7. O-O c5 8. d5
Bg4 9. Bc4 Nc7 10. h3 Bxf3 11. Qxf3 a6 12. a4 b6 13. Qd3 Nd7 14. Bd2 Qc8 15.
Rab1 Rb8 16. b4 cxb4 17. Rxb4 Nc5 18. Qe3 Qd7 19. Rfb1 Bxc3 20. Bxc3 Nxa4 21.
Ba1 b5 22. f5 f6 23. fxg6 Kg7 24. gxh7 Kh8 25. Be2 a5 26. Bg4 Qd8 27. Rd4 b4
28. Bf5 Nb5 29. Rd2 Qb6 30. Re1 Rf7 31. Rf2 Qxe3 32. Rxe3 Nac3 33. Rd3 a4 34.
g4 Rxh7 35. Bxh7 Kxh7 36. Kg2 a3 37. Rf1 Kg6 38. Kf3 Rh8 39. Rh1 Rc8 40. Ke3
Na2 41. Rd2 Nac3 42. Rd3 1/2-1/2

[Event "BL 1819 SV Hockenheim - SF Berlin"]
[Site "Viernheim, Germany"]
[Date "2019.03.09"]
[Round "12.6"]
[White "Baramidze, David"]
[Black "Thiede, Lars"]
[Result "1-0"]
[WhiteElo "2595"]
[BlackElo "2408"]
[PlyCount "85"]
[EventDate "2019.??.??"]

1. e4 d6 2. d4 Nf6 3. Nc3 e5 4. Nf3 Nc6 5. Bb5 Bd7 6. Bxc6 Bxc6 7. Qd3 exd4 8.
Nxd4 g6 9. Nxc6 bxc6 10. Qa6 Qd7 11. Qb7 Rc8 12. Qxa7 Bg7 13. O-O O-O 14. f3
Ra8 15. Qf2 Rfb8 16. Rd1 Qe6 17. Qe1 Qe5 18. Rb1 d5 19. f4 Qe7 20. e5 Ng4 21.
Qg3 Qc5+ 22. Kf1 d4 23. Qxg4 dxc3 24. Qe2 Rxa2 25. b3 Qb5 26. Rd3 Qa5 27. Be3
c5 28. Rd7 Bf8 29. Rc1 c4 30. Qxc4 Qb5 31. Qxb5 Rxb5 32. Rd8 Kg7 33. Bd4 Ba3
34. Re1 Rxc2 35. e6+ Kh6 36. g4 Rd2 37. exf7 Rxb3 38. f5 gxf5 39. Rg8 fxg4 40.
Be3+ Kh5 41. Rg5+ Kh4 42. Ra5 Rd7 43. Bf2+ 1-0

[Event "BL 1819 SV Hockenheim - SF Berlin"]
[Site "Viernheim, Germany"]
[Date "2019.03.09"]
[Round "12.7"]
[White "Florstedt, Johannes"]
[Black "Buhmann, Rainer"]
[Result "0-1"]
[WhiteElo "2337"]
[BlackElo "2568"]
[PlyCount "84"]
[EventDate "2019.??.??"]

1. e4 c6 2. d4 d5 3. e5 Bf5 4. h4 h5 5. Bd3 Bxd3 6. Qxd3 Qa5+ 7. Nd2 e6 8. Ngf3
Nh6 9. O-O Nf5 10. Nb3 Qa6 11. Bg5 Qxd3 12. cxd3 a5 13. Rfc1 a4 14. Nbd2 Na6
15. Nf1 a3 16. b3 c5 17. dxc5 Bxc5 18. Be3 Be7 19. Bg5 f6 20. exf6 gxf6 21. Bd2
Kd7 22. Ne3 Nxe3 23. Bxe3 Nb4 24. Ne1 Rhc8 25. Kf1 f5 26. Rxc8 Rxc8 27. g3 Nc2
28. Rb1 Nxe3+ 29. fxe3 Bd6 30. Kf2 Rg8 31. Ng2 Bxg3+ 32. Kf3 Bd6 33. b4 Rg3+
34. Kf2 Rg4 35. d4 f4 36. exf4 Bxf4 37. Rb3 Bd6 38. Rxa3 Rxd4 39. Rb3 Rd2+ 40.
Kf3 Rxa2 41. b5 e5 42. Ne3 e4# 0-1

[Event "BL 1819 SV Hockenheim - SF Berlin"]
[Site "Viernheim, Germany"]
[Date "2019.03.09"]
[Round "12.8"]
[White "Wagner, Dennis"]
[Black "Schmidek, Emil"]
[Result "1-0"]
[WhiteElo "2580"]
[BlackElo "2385"]
[PlyCount "99"]
[EventDate "2019.??.??"]

1. Nf3 Nf6 2. d4 e6 3. c4 b6 4. a3 Bb7 5. Nc3 d5 6. Bg5 Be7 7. e3 O-O 8. Qc2 h6
9. Bxf6 Bxf6 10. cxd5 exd5 11. O-O-O Qc8 12. h4 Rd8 13. g3 c5 14. Bh3 Qc7 15.
Kb1 Nc6 16. g4 g6 17. g5 hxg5 18. Nxg5 cxd4 19. Nb5 Qe7 20. exd4 Re8 21. Rhg1
Bxg5 22. Rxg5 Qe4 23. h5 Qxc2+ 24. Kxc2 Re2+ 25. Rd2 Rxd2+ 26. Kxd2 Ne7 27.
hxg6 fxg6 28. Nd6 Bc6 29. Nc8 Nxc8 30. Rxg6+ Kf7 31. Rxc6 Ne7 32. Rd6 Rf8 33.
Ke3 Rh8 34. Be6+ Ke8 35. f4 Rh1 36. Kf3 Rf1+ 37. Kg4 Rg1+ 38. Kh5 Rd1 39. f5
Rf1 40. Kg5 Rg1+ 41. Kf6 Ng8+ 42. Bxg8 Rxg8 43. Rxd5 Rg2 44. Ke6 Rxb2 45. f6
Re2+ 46. Re5 Ra2 47. d5 Rxa3 48. f7+ Kf8 49. d6 Rd3 50. d7 1-0

[Event "BL 1819 SG Solingen - MSA Zugzwang"]
[Site "?"]
[Date "2019.03.23"]
[Round "12.1"]
[White "Kindermann, Stefan"]
[Black "Van Wely, Loek"]
[Result "1/2-1/2"]
[WhiteElo "2493"]
[BlackElo "2612"]
[PlyCount "51"]
[EventDate "2019.??.??"]

1. e4 c5 2. Nc3 Nc6 3. Bb5 Nd4 4. Bc4 e6 5. Nge2 Nf6 6. O-O a6 7. d3 b5 8. Bb3
Nxb3 9. axb3 Bb7 10. f4 d5 11. e5 Ng4 12. d4 h5 13. h3 Nh6 14. Be3 Nf5 15. Bf2
Qc7 16. Qd2 f6 17. dxc5 Bxc5 18. Nd4 Bxd4 19. Bxd4 Kf7 20. Ne2 a5 21. c3 h4 22.
Rf2 Ba6 23. Be3 b4 24. Nd4 Nxd4 25. Bxd4 f5 26. cxb4 1/2-1/2

[Event "BL 1819 SG Solingen - MSA Zugzwang"]
[Site "?"]
[Date "2019.03.23"]
[Round "12.2"]
[White "L'Ami, Erwin"]
[Black "Hertneck, Gerald"]
[Result "1-0"]
[WhiteElo "2645"]
[BlackElo "2491"]
[PlyCount "81"]
[EventDate "2019.??.??"]

1. d4 Nf6 2. c4 c5 3. d5 b5 4. cxb5 a6 5. bxa6 Bxa6 6. Nc3 d6 7. e4 Bxf1 8.
Kxf1 g6 9. Nf3 Bg7 10. g3 O-O 11. Kg2 Nbd7 12. a4 Qb6 13. Qc2 Rfb8 14. Nb5 Ne8
15. Bd2 Nc7 16. Nxc7 Qxc7 17. Rab1 Qa7 18. a5 Rb5 19. b4 Rab8 20. bxc5 Nxc5 21.
Rxb5 Rxb5 22. Rb1 Qb7 23. Rxb5 Qxb5 24. Be1 h6 25. h4 Bf6 26. Bd2 Kh7 27. h5
Kg7 28. hxg6 fxg6 29. Be3 Qxa5 30. e5 Bg5 31. Bxg5 hxg5 32. exd6 exd6 33. Qb2+
Kf7 34. Nxg5+ Ke8 35. Qh8+ Kd7 36. Qg7+ Kc8 37. Qxg6 Qd2 38. Qxd6 Nd3 39. Qe6+
Kb7 40. Qe3 Qd1 41. Nf3 1-0

[Event "BL 1819 SG Solingen - MSA Zugzwang"]
[Site "?"]
[Date "2019.03.23"]
[Round "12.3"]
[White "Zysk, Robert"]
[Black "Tari, Aryan"]
[Result "1/2-1/2"]
[WhiteElo "2402"]
[BlackElo "2613"]
[PlyCount "78"]
[EventDate "2019.??.??"]

1. d4 d5 2. c4 e6 3. Nf3 Nf6 4. Nc3 Bb4 5. e3 O-O 6. Bd2 b6 7. Rc1 Bb7 8. a3
Be7 9. Bd3 c5 10. cxd5 exd5 11. O-O Nc6 12. Qe2 Re8 13. dxc5 bxc5 14. Rfd1 Bf8
15. Ba6 Qb6 16. Bxb7 Qxb7 17. Na4 Rac8 18. Qd3 c4 19. Qc2 Ne4 20. Be1 Red8 21.
Nc3 Nf6 22. Ne2 Rb8 23. Rb1 Ne4 24. Nc3 Nf6 25. Ne2 Qb3 26. Qxb3 Rxb3 27. Nfd4
Nxd4 28. Nxd4 Rb7 29. f3 Re8 30. Kf2 Nd7 31. Nc2 Ne5 32. Rxd5 Nd3+ 33. Kf1 Reb8
34. Bc3 Rb3 35. Bd4 c3 36. Bxa7 Rxb2 37. Rd1 R8b7 38. R5xd3 Rxc2 39. Bd4 Rbb2
1/2-1/2

[Event "BL 1819 SG Solingen - MSA Zugzwang"]
[Site "?"]
[Date "2019.03.23"]
[Round "12.4"]
[White "Andersen, Mads"]
[Black "Schramm, Christian"]
[Result "1-0"]
[WhiteElo "2599"]
[BlackElo "2361"]
[PlyCount "87"]
[EventDate "2019.??.??"]

1. Nf3 c5 2. c4 Nc6 3. Nc3 g6 4. e3 Nf6 5. d4 cxd4 6. exd4 d5 7. cxd5 Nxd5 8.
Qb3 e6 9. Bb5 Bg7 10. O-O O-O 11. Bxc6 bxc6 12. Na4 Qd6 13. Re1 Ne7 14. Be3 Nf5
15. Rad1 a5 16. Nc5 Ba6 17. Ne5 Qd5 18. Qc2 Rfd8 19. b3 Bb5 20. a4 Ba6 21. h3
Rdb8 22. Qc3 Rb4 23. Rd2 Nh4 24. f3 f6 25. Bf2 Nf5 26. Ned3 Bxd3 27. Rxd3 Rab8
28. Qd2 Re8 29. g4 Nd6 30. Qe3 f5 31. Na6 Rb7 32. Nc5 Rb4 33. Red1 Nf7 34. Kg2
h5 35. gxh5 gxh5 36. Na6 Rb7 37. Bg3 Bh6 38. Bf4 Bxf4 39. Qxf4 Ree7 40. Nc5 Rb4
41. Kh1 Kf8 42. Rg1 Re8 43. Qg3 Ke7 44. Qc7+ 1-0

[Event "BL 1819 SG Solingen - MSA Zugzwang"]
[Site "?"]
[Date "2019.03.23"]
[Round "12.5"]
[White "Gerigk, Erasmus"]
[Black "Smeets, Jan"]
[Result "0-1"]
[WhiteElo "2343"]
[BlackElo "2593"]
[PlyCount "130"]
[EventDate "2019.??.??"]

1. e4 c5 2. c3 Nf6 3. e5 Nd5 4. Bc4 Nb6 5. Bb3 c4 6. Bc2 d5 7. exd6 Qxd6 8. Nf3
Qe6+ 9. Qe2 Qxe2+ 10. Kxe2 Nc6 11. b3 e5 12. Na3 Be6 13. Ng5 Bd5 14. bxc4 Nxc4
15. Nxc4 Bxc4+ 16. d3 Bd5 17. Bb3 Rd8 18. Be3 Be7 19. Rab1 h6 20. Nf3 b6 21.
Ba4 O-O 22. Bxc6 Bxc6 23. Nxe5 Ba4 24. Kd2 Rd5 25. f4 Rfd8 26. Bd4 Be8 27. Rhe1
Kf8 28. g4 b5 29. Ke3 b4 30. Red1 a5 31. Bb6 Rb8 32. Bd4 f6 33. Nf3 Bf7 34. c4
Rd7 35. Bb2 Re8 36. Kf2 Red8 37. Ke2 Re8 38. Kf2 Red8 39. Ke2 Bc5 40. Ne1 Re8+
41. Kf1 Rde7 42. Rd2 Be3 43. Re2 Bxf4 44. Rxe7 Kxe7 45. h3 Kd7 46. Ng2 Bd6 47.
Re1 Rb8 48. Ne3 a4 49. Rb1 b3 50. a3 h5 51. Kg2 Rh8 52. Rh1 Rh7 53. Rc1 Be6 54.
Rh1 Bf4 55. Kf3 Bxe3 56. Kxe3 hxg4 57. h4 Ke7 58. Kf2 Rh5 59. Kg2 Kf7 60. Bc3
Bf5 61. Kg3 Bxd3 62. Kxg4 Rc5 63. Kg3 Rxc4 64. Bb2 Rc2 65. Rh2 Be2 0-1

[Event "BL 1819 SG Solingen - MSA Zugzwang"]
[Site "?"]
[Date "2019.03.23"]
[Round "12.6"]
[White "Nikolic, Predrag"]
[Black "Hoffmeyer, Falk"]
[Result "1-0"]
[WhiteElo "2572"]
[BlackElo "2355"]
[PlyCount "151"]
[EventDate "2019.??.??"]

1. d4 d5 2. c4 e6 3. Nc3 Nf6 4. Bg5 Be7 5. e3 Nbd7 6. Nf3 h6 7. Bh4 O-O 8. Rc1
c5 9. cxd5 Nxd5 10. Bxe7 Nxe7 11. Bb5 cxd4 12. Nxd4 Nf6 13. O-O Bd7 14. Qb3
Ned5 15. Nxd5 Nxd5 16. Be2 Qb6 17. Qxb6 axb6 18. a3 Rfc8 19. Bf3 Rc5 20. g3
Rac8 21. Rcd1 R8c7 22. Rd2 Kf8 23. Rfd1 Ba4 24. b3 Be8 25. b4 Rc1 26. Bxd5 exd5
27. Kf1 Ba4 28. Rxc1 Rxc1+ 29. Ke2 g6 30. h4 Ke7 31. Rd3 Ra1 32. Rc3 Kd6 33.
Kf3 Ra2 34. Rc8 Rxa3 35. Rf8 Ke7 36. Rb8 b5 37. Rxb7+ Kf6 38. Rb6+ Kg7 39. g4
Ra2 40. Nxb5 Bxb5 41. Rxb5 Rd2 42. Rc5 d4 43. b5 d3 44. Ke4 Rc2 45. Rd5 d2 46.
f4 Rb2 47. Kf3 Rxb5 48. Rxd2 Rb1 49. Rd5 Rh1 50. h5 Rf1+ 51. Kg2 Ra1 52. hxg6
Kxg6 53. Rd6+ Kg7 54. e4 Ra4 55. Kf3 Ra3+ 56. Kf2 Rb3 57. e5 Ra3 58. Rd7 Kg8
59. Rc7 Rb3 60. Rc1 Kg7 61. Re1 Ra3 62. Re3 Ra1 63. Kf3 Ra4 64. Rd3 Rb4 65. Ke3
Ra4 66. Rd7 Ra6 67. f5 Kg8 68. Rd8+ Kg7 69. f6+ Kh7 70. Rf8 Ra7 71. Kf4 Rb7 72.
Kf5 Ra7 73. Rxf7+ Rxf7 74. e6 Kg8 75. Kg6 Ra7 76. e7 1-0

[Event "BL 1819 SG Solingen - MSA Zugzwang"]
[Site "?"]
[Date "2019.03.23"]
[Round "12.7"]
[White "Eichler, Christoph"]
[Black "Naumann, Alexander"]
[Result "1/2-1/2"]
[WhiteElo "2304"]
[BlackElo "2538"]
[PlyCount "90"]
[EventDate "2019.??.??"]

1. Nf3 c5 2. e3 Nf6 3. d4 cxd4 4. exd4 d5 5. c3 Nc6 6. Ne5 e6 7. f4 Ne4 8. Qf3
g6 9. Nd2 Nd6 10. Bd3 Bg7 11. O-O f6 12. Nxc6 bxc6 13. Qe2 O-O 14. Nf3 Qc7 15.
Be3 Nf5 16. Rae1 Nxe3 17. Qxe3 Bh6 18. g3 a5 19. Rf2 Bd7 20. Bf1 Rae8 21. Bh3
Bc8 22. Qd3 e5 23. Bxc8 e4 24. Qd1 Rxc8 25. Nh4 f5 26. Ng2 Bg7 27. Ne3 Rfd8 28.
Rd2 Qb6 29. Kh1 Kh8 30. a3 Qb5 31. b4 axb4 32. axb4 Ra8 33. Qe2 Qb7 34. Ra2
Rxa2 35. Qxa2 Ra8 36. Qb2 Qa6 37. Kg2 h6 38. h4 Qb5 39. Kf2 Ra4 40. Ra1 Rxa1
41. Qxa1 Qd3 42. Qb2 h5 43. Qc2 Qa6 44. Qb2 Qd3 45. Qc2 Qa6 1/2-1/2

[Event "BL 1819 SG Solingen - MSA Zugzwang"]
[Site "?"]
[Date "2019.03.23"]
[Round "12.8"]
[White "Wegerle, Joerg"]
[Black "Lammers, Markus"]
[Result "1/2-1/2"]
[WhiteElo "2409"]
[BlackElo "2309"]
[PlyCount "52"]
[EventDate "2019.??.??"]

1. e4 e5 2. Nf3 Nf6 3. Nxe5 d6 4. Nc4 Nxe4 5. Qe2 Qe7 6. d3 Nf6 7. Bg5 Qxe2+ 8.
Bxe2 Be7 9. Nc3 Be6 10. Bf3 Nc6 11. O-O-O O-O-O 12. Bxc6 bxc6 13. Na5 Kd7 14.
d4 Rhe8 15. Rhe1 h6 16. Be3 Nd5 17. Nxd5 Bxd5 18. f3 Bh4 19. Re2 Rxe3 20. Rxe3
Bg5 21. Rde1 Rb8 22. c4 Be6 23. h4 Bxe3+ 24. Rxe3 g5 25. hxg5 hxg5 26. Nxc6
Kxc6 1/2-1/2

[Event "BL 1819 Düsseldorfer SK - BCA Augsburg"]
[Site "?"]
[Date "2019.03.23"]
[Round "12.1"]
[White "Laznicka, Viktor"]
[Black "Demchenko, Anton"]
[Result "1-0"]
[WhiteElo "2670"]
[BlackElo "2678"]
[PlyCount "179"]
[EventDate "2019.??.??"]

1. c4 Nf6 2. Nf3 g6 3. g3 Bg7 4. Bg2 O-O 5. O-O d6 6. Nc3 Nc6 7. Rb1 a5 8. a3
e5 9. b4 axb4 10. axb4 Re8 11. b5 Nd4 12. d3 Bg4 13. e3 Nxf3+ 14. Bxf3 Bxf3 15.
Qxf3 Qc8 16. Bd2 Ra3 17. Rfd1 Nd7 18. Qe2 Nc5 19. Be1 Qf5 20. Nd5 c6 21. bxc6
bxc6 22. Rb8 Qd7 23. Rxe8+ Qxe8 24. Bb4 Ra7 25. Nc3 Nb7 26. Qf3 Qd7 27. d4 exd4
28. exd4 Ra8 29. h4 h5 30. Ne4 d5 31. Nf6+ Bxf6 32. Qxf6 Re8 33. Ra1 Nd8 34.
cxd5 cxd5 35. Bc5 Qe6 36. Qf4 Kg7 37. Ra7 Qf6 38. Qxf6+ Kxf6 39. Rd7 Re1+ 40.
Kg2 Ne6 41. Bb4 Rb1 42. Be7+ Kf5 43. Rxd5+ Ke4 44. Rd7 Nxd4 45. Bg5 Nf5 46.
Rxf7 Rb6 47. Rf8 Ra6 48. Re8+ Kd5 49. Bf4 Rf6 50. Re5+ Kc6 51. Bg5 Rd6 52. g4
Nd4 53. gxh5 gxh5 54. Be3 Rg6+ 55. Kh3 Nf3 56. Rf5 Ng1+ 57. Kh2 Kd6 58. f3 Ke6
59. Rf8 Ne2 60. Rh8 Kf7 61. Rxh5 Ng3 62. Rh7+ Kg8 63. Rh6 Nf1+ 64. Kh1 Ng3+ 65.
Kg2 Rxh6 66. Bxh6 Nh5 67. Kh3 Kh7 68. Bg5 Kg6 69. Kg4 Ng7 70. f4 Kf7 71. h5 Ne8
72. Bd8 Nd6 73. Bc7 Nc8 74. Be5 Ne7 75. Kg5 Kg8 76. f5 Nc6 77. Bb2 Kh7 78. Bc1
Kg7 79. h6+ Kh7 80. Kf6 Nd4 81. Ke5 Nc6+ 82. Kd5 Nd8 83. Kd6 Nf7+ 84. Ke7 Ne5
85. Ke6 Nf3 86. Be3 Nh4 87. f6 Ng6 88. f7 Nf8+ 89. Ke7 Ng6+ 90. Ke8 1-0

[Event "BL 1819 Düsseldorfer SK - BCA Augsburg"]
[Site "?"]
[Date "2019.03.23"]
[Round "12.2"]
[White "Timman, Jan H"]
[Black "Prusikin, Michael"]
[Result "1/2-1/2"]
[WhiteElo "2549"]
[BlackElo "2523"]
[PlyCount "47"]
[EventDate "2019.??.??"]

1. Nf3 d5 2. g3 Nd7 3. d4 Ngf6 4. Bg2 b5 5. Nc3 b4 6. Na4 e6 7. O-O c5 8. a3
bxa3 9. c4 Bb7 10. b3 dxc4 11. bxc4 cxd4 12. Qxd4 Nb6 13. Qxd8+ Rxd8 14. Nxb6
axb6 15. Bxa3 Bxa3 16. Rxa3 Bxf3 17. Bxf3 Ke7 18. Bc6 Kd6 19. Bb5 Ra8 20. Rd3+
Ke7 21. Rfd1 Rhd8 22. Rxd8 Rxd8 23. Ra1 Ne4 24. Ra7+ 1/2-1/2

[Event "BL 1819 Düsseldorfer SK - BCA Augsburg"]
[Site "?"]
[Date "2019.03.23"]
[Round "12.3"]
[White "Rozentalis, Eduardas"]
[Black "Berelowitsch, Alexander"]
[Result "0-1"]
[WhiteElo "2539"]
[BlackElo "2523"]
[PlyCount "88"]
[EventDate "2019.??.??"]

1. e4 e6 2. d4 d5 3. Nd2 c5 4. Ngf3 Nf6 5. exd5 Nxd5 6. Ne4 cxd4 7. Nxd4 Be7 8.
c3 O-O 9. h4 Nc6 10. Bd3 Nxd4 11. cxd4 Bd7 12. Qh5 Bb5 13. Bxb5 Qa5+ 14. Kf1
Qxb5+ 15. Qe2 Qxe2+ 16. Kxe2 Rac8 17. Bd2 Rfd8 18. Rac1 Rxc1 19. Bxc1 Nb4 20.
Be3 Nc6 21. Rc1 Bxh4 22. Nc5 Nxd4+ 23. Ke1 h5 24. Nxb7 Rd5 25. Rc7 Bf6 26. a4
a5 27. Bd2 Nb3 28. Bc3 Bd4 29. Rc6 h4 30. Bxd4 Nxd4 31. Ra6 Re5+ 32. Kf1 Re2
33. Rb6 Rc2 34. f3 Nf5 35. b4 Ne3+ 36. Kg1 Rxg2+ 37. Kh1 h3 38. Nc5 axb4 39. a5
Ra2 40. a6 Nf5 41. Ne4 f6 42. Rxb4 Rxa6 43. Kh2 Ra3 44. f4 Rf3 0-1

[Event "BL 1819 Düsseldorfer SK - BCA Augsburg"]
[Site "?"]
[Date "2019.03.23"]
[Round "12.4"]
[White "Orlov, Andrey"]
[Black "Nestorovic, Nikola"]
[Result "1/2-1/2"]
[WhiteElo "2498"]
[BlackElo "2467"]
[PlyCount "132"]
[EventDate "2019.??.??"]

1. e4 e5 2. Nf3 Nc6 3. Bc4 Bc5 4. c3 Nf6 5. d3 O-O 6. O-O d5 7. exd5 Nxd5 8.
Re1 Bg4 9. h3 Bh5 10. a4 a6 11. a5 Kh8 12. Nbd2 f5 13. d4 exd4 14. Nb3 Be7 15.
Qd3 Bf6 16. Nbxd4 Nxd4 17. Nxd4 Nb4 18. Qd2 Bf7 19. Ne6 Qxd2 20. Bxd2 Nc2 21.
Nxf8 Bxc4 22. Nd7 Nxa1 23. Rxa1 Rd8 24. Nxf6 Rxd2 25. Nh5 g6 26. Nf4 g5 27. Nh5
Bf7 28. Ng3 Bg6 29. Re1 Rxb2 30. Re7 c5 31. f4 gxf4 32. Ne2 f3 33. gxf3 Kg8 34.
Nf4 Rb5 35. Kf2 Rxa5 36. Rxb7 Ra3 37. Nd5 Bf7 38. Nf6+ Kg7 39. Nxh7 Kxh7 40.
Rxf7+ Kg6 41. Rc7 Rxc3 42. Kg3 Rc4 43. h4 a5 44. Rc6+ Kh5 45. Rf6 f4+ 46. Kh3
a4 47. Rf5+ Kg6 48. Rf8 Rb4 49. Kg4 c4 50. h5+ Kg7 51. Rc8 a3 52. Ra8 c3 53.
Rxa3 Rc4 54. Ra1 c2 55. Rc1 Kf6 56. h6 Kg6 57. h7 Kxh7 58. Kh5 Kg8 59. Kg6 Rc5
60. Kf6 Kf8 61. Ke6 Kg7 62. Kd6 Rc3 63. Ke5 Rxf3 64. Rxc2 Kg6 65. Ke4 Rf1 66.
Rc5 f3 1/2-1/2

[Event "BL 1819 Düsseldorfer SK - BCA Augsburg"]
[Site "?"]
[Date "2019.03.23"]
[Round "12.5"]
[White "Pitl, Gregory"]
[Black "Miedema, David"]
[Result "0-1"]
[WhiteElo "2385"]
[BlackElo "2356"]
[PlyCount "140"]
[EventDate "2019.??.??"]

1. Nf3 d5 2. g3 Nf6 3. Bg2 e6 4. O-O c5 5. d4 cxd4 6. Nxd4 e5 7. Nb3 Nc6 8. Bg5
Be6 9. e4 d4 10. c3 Qb6 11. N1d2 dxc3 12. bxc3 Ng4 13. Nc4 Qc7 14. Qe2 Be7 15.
Bxe7 Nxe7 16. Ne3 Nxe3 17. Qxe3 O-O 18. Nc5 Bc4 19. Rfd1 Rfd8 20. a4 b6 21. Nd3
Bxd3 22. Rxd3 Rxd3 23. Qxd3 Rd8 24. Qe3 Nc6 25. Bf1 Na5 26. Ra2 Rd1 27. Kg2 Qd8
28. Be2 Rd6 29. Bb5 g6 30. h4 Kg7 31. Be2 h5 32. Bb5 Qa8 33. Be2 Qc6 34. Bb5
Qb7 35. Be2 Qc8 36. Bb5 Nb3 37. Ra3 Na5 38. Ra2 Qc7 39. Ra1 Rd8 40. Ra2 Nb7 41.
Rd2 Rxd2 42. Qxd2 Nc5 43. Qd5 a6 44. Bc6 Qe7 45. Qc4 a5 46. Qb5 Qd6 47. Bd5 Kf8
48. Kf3 f5 49. Ke3 f4+ 50. Ke2 fxg3 51. fxg3 Ke7 52. Bc6 Qc7 53. Bd5 Nd7 54.
Kd3 Qc5 55. Bc6 Qxb5+ 56. axb5 Nf6 57. Kc4 Ng4 58. Kd3 Nf6 59. Kc4 Kd6 60. Bb7
Ng4 61. Bc6 Nf2 62. Bd5 Ke7 63. Bc6 Nh1 64. Kd5 Nxg3 65. Kxe5 Ne2 66. c4 a4 67.
c5 a3 68. Bd5 Nc3 69. cxb6 Nxd5 70. b7 Nb6 0-1

[Event "BL 1819 Düsseldorfer SK - BCA Augsburg"]
[Site "?"]
[Date "2019.03.23"]
[Round "12.6"]
[White "Schuh, Dirk"]
[Black "Stankovic, Milos"]
[Result "0-1"]
[WhiteElo "2383"]
[BlackElo "2460"]
[PlyCount "122"]
[EventDate "2019.??.??"]

1. e4 c6 2. d4 d5 3. exd5 cxd5 4. Bd3 Nc6 5. c3 g6 6. Nf3 Nf6 7. Bg5 Bg7 8. h3
O-O 9. Nbd2 Qc7 10. Qc2 Nh5 11. O-O Nf4 12. Bxf4 Qxf4 13. Rfe1 Rb8 14. a4 Bd7
15. Re3 Rfc8 16. Qb3 Qd6 17. Bf1 Re8 18. g3 a6 19. a5 e6 20. Qd1 Rbd8 21. b4 e5
22. dxe5 Nxe5 23. Nxe5 Bxe5 24. Nb3 Qf6 25. Qd2 Rc8 26. Nd4 Bxd4 27. Qxd4 Qxd4
28. Rxe8+ Bxe8 29. cxd4 Rc2 30. b5 axb5 31. Rb1 Bd7 32. h4 Ra2 33. Bxb5 Bf5 34.
Rb3 Rxa5 35. Be2 Ra4 36. Rxb7 h5 37. Bf3 Rxd4 38. Rb5 Be6 39. Kf1 Kg7 40. Ke2
Kf6 41. Bg2 Ke5 42. Ra5 Rb4 43. Ke3 Rb3+ 44. Kd2 Kd4 45. Ra4+ Kc5 46. Ra5+ Kd4
47. Ra4+ Ke5 48. Ra5 Rb1 49. Ke3 Rb4 50. Kd3 Bf5+ 51. Ke3 Rb3+ 52. Kd2 Be4 53.
Bf1 f5 54. Ra8 Rb2+ 55. Ke1 Rb1+ 56. Ke2 f4 57. gxf4+ Kxf4 58. Bh3 Rh1 59. Ra3
d4 60. Rg3 d3+ 61. Kd2 Rh2 0-1

[Event "BL 1819 Düsseldorfer SK - BCA Augsburg"]
[Site "?"]
[Date "2019.03.23"]
[Round "12.7"]
[White "Schmittdiel, Eckhard"]
[Black "Harff, Marcel"]
[Result "1/2-1/2"]
[WhiteElo "2432"]
[BlackElo "2412"]
[PlyCount "89"]
[EventDate "2019.??.??"]

1. e4 e6 2. d4 d5 3. Nc3 dxe4 4. Nxe4 Nd7 5. Nf3 Ngf6 6. Bd3 c5 7. O-O Nxe4 8.
Bxe4 Nf6 9. Bd3 cxd4 10. Nxd4 Bc5 11. Nb3 Be7 12. c4 Qc7 13. Qe2 b6 14. Bd2 Bb7
15. Bc3 O-O 16. Rad1 Rad8 17. Be5 Qc6 18. f3 Nd7 19. Be4 Qc8 20. Bxb7 Qxb7 21.
Bc3 Bf6 22. Nd4 Nc5 23. b4 Na6 24. a3 Rd7 25. Nb5 Bxc3 26. Nxc3 Rfd8 27. Rxd7
Rxd7 28. Rd1 Nb8 29. Ne4 Qc7 30. c5 h6 31. Rxd7 Nxd7 32. Qe3 Kf8 33. g3 Ke7 34.
f4 Qc6 35. Qd4 bxc5 36. Nxc5 Nxc5 37. bxc5 Qd5 38. Qb4 Qd1+ 39. Kf2 Qc2+ 40.
Ke3 Qc1+ 41. Kd3 Qf1+ 42. Kc2 Qe2+ 43. Kc1 Qe3+ 44. Kc2 Qe2+ 45. Kc1 1/2-1/2

[Event "SV Mülheim Nord 1931 - SV 1920 Hofheim"]
[Site "?"]
[Date "2019.03.23"]
[Round "12.1"]
[White "Perske, Thore"]
[Black "Feygin, Michael"]
[Result "1-0"]
[WhiteElo "2443"]
[BlackElo "2487"]
[PlyCount "99"]
[EventDate "2019.??.??"]

1. e4 e6 2. d4 d5 3. Nd2 Nf6 4. e5 Nfd7 5. c3 c5 6. f4 Nc6 7. Ndf3 Qb6 8. a3 a5
9. b3 Be7 10. h4 f6 11. Bd3 Qc7 12. Ne2 Rb8 13. Qc2 Nf8 14. Be3 b6 15. h5 a4
16. h6 g6 17. Bb5 axb3 18. Qxb3 Bd7 19. exf6 Bxf6 20. Ne5 Na5 21. Qa4 Bxb5 22.
Qxb5+ Nd7 23. O-O Bxe5 24. fxe5 Qc6 25. a4 Rc8 26. dxc5 Nc4 27. Qxc6 Rxc6 28.
Nd4 Nxe3 29. Nxc6 Nxf1 30. cxb6 Nxb6 31. Rb1 Ne3 32. Rxb6 Kd7 33. Nd4 Rf8 34.
Rb7+ Kc8 35. Rxh7 Rf1+ 36. Kh2 Ng4+ 37. Kg3 Nxe5 38. Nxe6 Nf7 39. Nf4 Ng5 40.
Rh8+ Kd7 41. Nxg6 Rh1 42. h7 Rh6 43. Kg4 Nf7 44. Rg8 Rxh7 45. Nf8+ Kc7 46. Nxh7
Nh6+ 47. Kf4 Nxg8 48. Ke5 Ne7 49. Ke6 Nc8 50. Nf6 1-0

[Event "SV Mülheim Nord 1931 - SV 1920 Hofheim"]
[Site "?"]
[Date "2019.03.23"]
[Round "12.2"]
[White "Beerdsen, Thomas"]
[Black "Ginsburg, Gennadi"]
[Result "0-1"]
[WhiteElo "2476"]
[BlackElo "2423"]
[PlyCount "82"]
[EventDate "2019.??.??"]

1. e4 c5 2. Nf3 Nc6 3. c3 Nf6 4. e5 Nd5 5. d4 cxd4 6. cxd4 d6 7. exd6 e6 8. Nc3
Bxd6 9. Bd3 O-O 10. O-O Ncb4 11. Bb1 Nxc3 12. bxc3 Nd5 13. c4 Nf6 14. Bg5 b6
15. Ne5 Bb7 16. Re1 Rc8 17. Bd3 Be7 18. Qa4 Qxd4 19. Rad1 Qc5 20. Re3 Rfd8 21.
Qxa7 Qc7 22. Qa4 Bc5 23. Ree1 h6 24. Bh4 Rd4 25. Bg3 Nh5 26. Bb1 Nxg3 27. hxg3
Rcd8 28. Nd3 Ra8 29. Qb5 Bc6 30. Qb2 Rad8 31. Qc2 Qd6 32. Qe2 Ba4 33. Kf1 Bxd1
34. Rxd1 e5 35. Bc2 e4 36. Nb2 f5 37. Bb3 Rd2 38. Rxd2 Qxd2 39. Qxd2 Rxd2 40.
Nd1 Kf8 41. Ke1 e3 0-1

[Event "SV Mülheim Nord 1931 - SV 1920 Hofheim"]
[Site "?"]
[Date "2019.03.23"]
[Round "12.3"]
[White "Womacka, Mathias"]
[Black "Vrolijk, Liam"]
[Result "1/2-1/2"]
[WhiteElo "2457"]
[BlackElo "2459"]
[PlyCount "84"]
[EventDate "2019.??.??"]

1. e4 e5 2. Nf3 Nc6 3. Bb5 Nf6 4. O-O Nxe4 5. Re1 Nd6 6. Nxe5 Be7 7. Bf1 Nxe5
8. Rxe5 O-O 9. d4 Bf6 10. Re1 Re8 11. Bf4 Rxe1 12. Qxe1 Ne8 13. Nc3 Bxd4 14.
Nd5 d6 15. Bg5 f6 16. Be3 Bxb2 17. Rb1 c6 18. Bc4 Be5 19. Nb6+ d5 20. Nxa8 dxc4
21. Rd1 Qe7 22. Bxa7 Bg4 23. f3 Bf5 24. f4 Bd6 25. Qxe7 Bxe7 26. c3 b5 27. Be3
Kf7 28. a4 bxa4 29. Nb6 a3 30. Nxc4 Nc7 31. Bc1 Nb5 32. Re1 Bd3 33. Na5 Nxc3
34. Nxc6 Bc5+ 35. Be3 Bd6 36. Ra1 a2 37. Bd2 Bc5+ 38. Kh1 Ne4 39. Rxa2 Nf2+ 40.
Kg1 Ne4+ 41. Kh1 Nf2+ 42. Kg1 Ne4+ 1/2-1/2

[Event "SV Mülheim Nord 1931 - SV 1920 Hofheim"]
[Site "?"]
[Date "2019.03.23"]
[Round "12.4"]
[White "Saltaev, Mihail"]
[Black "Lobzhanidze, Davit"]
[Result "1/2-1/2"]
[WhiteElo "2475"]
[BlackElo "2420"]
[PlyCount "46"]
[EventDate "2019.??.??"]

1. e4 e5 2. Nf3 Nc6 3. Bb5 a6 4. Ba4 Nf6 5. d3 d6 6. c3 g6 7. O-O Bg7 8. Re1 b5
9. Bc2 O-O 10. a4 b4 11. a5 Rb8 12. Nbd2 bxc3 13. bxc3 Na7 14. Nc4 Nb5 15. Bd2
Be6 16. Ne3 c6 17. Ng5 Bd7 18. Nc4 h6 19. Nf3 Be6 20. Nb6 Nd7 21. c4 Nd4 22.
Nxd4 exd4 23. Nxd7 Bxd7 1/2-1/2

[Event "SV Mülheim Nord 1931 - SV 1920 Hofheim"]
[Site "?"]
[Date "2019.03.23"]
[Round "12.5"]
[White "Gurevich, Vladimir"]
[Black "Lai, Hing Ting"]
[Result "1/2-1/2"]
[WhiteElo "2472"]
[BlackElo "2463"]
[PlyCount "42"]
[EventDate "2019.??.??"]

1. e4 g6 2. d4 Bg7 3. Nf3 d6 4. Bc4 Nf6 5. Qe2 O-O 6. e5 dxe5 7. dxe5 Nd5 8. h3
c6 9. a4 Qc7 10. O-O Be6 11. Re1 Nd7 12. Bd2 a5 13. Na3 Nc5 14. b3 Rad8 15.
Bxd5 Bxd5 16. Nc4 b6 17. Be3 Nd7 18. Bf4 Nc5 19. Be3 Nd7 20. Bf4 Nc5 21. Be3
Nd7 1/2-1/2